| 000 | 00611nas a2200193 4500 | ||
|---|---|---|---|
| 001 | 000037019 | ||
| 003 | DLC | ||
| 005 | 20250512105913.0 | ||
| 008 | 120208c20029999dr mr1p dd 0 0spa d | ||
| 040 |
_aDO-SdBNP _bspa _cBNPHU _erda |
||
| 043 | _anwdr | ||
| 245 | 0 | 0 | _aBoletín informativo. |
| 260 |
_aCotuí, Juan Sánchez Ramírez , República Dominicana : _bInstituto Tecnológico del Cibao Oriental. |
||
| 300 |
_av. : _bil. ; _c28 cm. |
||
| 310 | _aMensual | ||
| 362 | _ano. 16. año 16. (junio 2002) | ||
| 650 | 0 |
_aEducación _vPublicaciones periódicas _zRepública Dominicana _963423 |
|
| 942 |
_2ddc _cISSUE |
||
| 999 |
_c36509 _d36509 |
||